| 000 | 00619nam a2200181Ia 4500 | ||
|---|---|---|---|
| 003 | GCL | ||
| 008 | 140319s9999 xx 000 0 ara d | ||
| 040 |
_aGCL / _cGCL |
||
| 082 | 0 | 4 |
_a241. _bع ب |
| 100 | 1 | _aعبدالمنعم الحفنى | |
| 245 | 1 | 0 |
_aالبراهين العقلية على وجود الله والرد على الماديين والطبعين والمنكرين / _cعبدالمنعم الحفنى |
| 260 |
_a[S.N] : _bالدار الشرقية ، _c1993 |
||
| 490 | _a | ||
| 650 | 0 | 4 | _aالوجودية |
| 650 | 0 | 4 | _aذات الله وصفاته |
| 650 | 0 | 4 | _aالقدرة |
| 942 |
_2ddc _cBK |
||
| 999 |
_c55470 _d55470 |
||